| 000 | 00845nam a2200229Ia 4500 | ||
|---|---|---|---|
| 001 | 19947 | ||
| 003 | GE_BSU | ||
| 008 | 181216s||||||||xx |||||||||||||| ||und|| | ||
| 040 | _cGE_BSU | ||
| 080 | _a811.353.1 | ||
| 100 | _aჩანტლაძე, იზა | ||
| 245 | _aქართველოლოგიური ძიებანი. [წ.] 1 | ||
| 245 | _cრედ. ბ.გიგინეიშვილი. ზ. ჭუმბურიძე | ||
| 260 | _aთბილისი | ||
| 260 | _bქართული ენა | ||
| 260 | _c1998 | ||
| 300 | _a256 გვ.20სმ. | ||
| 541 | _h6ლ. | ||
| 653 | _aქართველოლოგიური ძიებანი | ||
| 653 | _aქართული კულტურა; ქართული ენა; ქართველოლოგია | ||
| 942 | _cBK | ||
| 999 |
_c52917 _d52917 |
||